000 00301nam a22001337a 4500
008 170707b xxu||||| |||| 00| 0 eng d
020 _a9790442018657
041 _aeng
080 _28TH
_a003
100 _a23
101 _aENC
245 _aSCIENTIFIC ENCYCLOPEDIA
_cCONSIDINE,D.M
942 _2udc
_cBK
999 _c20095
_d20095